The library card / (Record no. 3856)

MARC details
000 -LEADER
fixed length control field 00721nam a22002537a 4500
001 - CONTROL NUMBER
control field 3856
003 - CONTROL NUMBER IDENTIFIER
control field FISKH
005 - DATE AND TIME OF LATEST TRANSACTION
control field 20240521083632.0
008 - FIXED-LENGTH DATA ELEMENTS--GENERAL INFORMATION
fixed length control field 240517b cb ||||| |||| 00| 0 eng d
040 ## - CATALOGING SOURCE
Original cataloging agency FISK
Language of cataloging eng
Transcribing agency FISK
Modifying agency FISK
050 ## - LIBRARY OF CONGRESS CALL NUMBER
Classification number PZ7.S75663
082 ## - DEWEY DECIMAL CLASSIFICATION NUMBER
Classification number 813.54
100 ## - MAIN ENTRY--PERSONAL NAME
Personal name Spinelli Jerry
Dates associated with a name 1941-
245 ## - TITLE STATEMENT
Title The library card /
Statement of responsibility, etc. Jerry Spinelli
260 ## - PUBLICATION, DISTRIBUTION, ETC.
Place of publication, distribution, etc. New York :
Name of publisher, distributor, etc. Scholastic,
Date of publication, distribution, etc. 1998
300 ## - PHYSICAL DESCRIPTION
Extent 148 pages :
Dimensions 20 cm
505 ## - FORMATTED CONTENTS NOTE
Formatted contents note M
520 ## - SUMMARY, ETC.
Summary, etc. The lives of four young people in different circumstances are changed by their encounters with books.
521 8# - TARGET AUDIENCE NOTE
Target audience note 690
Source Lexiles
521 8# - TARGET AUDIENCE NOTE
Target audience note M
Source Raz-Plus
700 ## - ADDED ENTRY--PERSONAL NAME
Personal name Jerry Spinelli
942 ## - ADDED ENTRY ELEMENTS (KOHA)
Source of classification or shelving scheme Dewey Decimal Classification
Koha item type Books
Suppress in OPAC No
Holdings
Withdrawn status Lost status Source of classification or shelving scheme Damaged status Not for loan Collection Home library Current library Shelving location Date acquired Total Checkouts Full call number Barcode Date last seen Copy number Price effective from Koha item type
    Dewey Decimal Classification     Fiction Footprints International School Library Network Toul Kork Campus Footprints International School Library Network Toul Kork Campus   05/17/2024   SPI PZ7.S75663 813.54 2024-0636 05/17/2024 1 05/17/2024 Books